LDR 00698naa#a2200193#i#450# 001 EN\\bibl\118736 005 20260502111951.6 011 ## _a1994-4683 100 ## _a20230428b2023####ek#y0engy0150####ca 102 ## _aRU 200 1# _aSUCCESS OF THE INTEGRATION OF SPORTS WORK WITH WINTER SPORTS AT LESGAFT UNIVERSITY _eJournal article 210 1# _aMoscow _cNational State University of Physical Education, Sports and Health named after P.F. Lesgaft _d2023 215 ## _a5 с. 608 ## _aJournal article _2local 675 ## _aОрганизация и руководство спортом. 796.062 _z 700 #1 _aPetrov _gS I 700 #1 _aApoyko _gR N 700 #1 _aTarakanov _gB I 856 4# _auchzapiski.lesgaft.spb.ru _u